000 01616nam a2200349 c 4500
003 BLK
005 20240321153212.0
008 180411b bul|||||r ||||||| ||bul||
010 _aKNG00191390000
040 _aBLK
041 _aBUL
_cBUL
080 _aФолклор (в тесен смисъл)
_b398
_x(082)(075.8)
_z398(082)(075.8)
700 1 _aДанчев, Георги
_eсъстав.
_gСавов, Георги Данчев
_9365128
700 _aКалоянов, Анчо
_gАнчев, Анчо Йорданов Писател, фолклорист, професор във ВТУ "Кирил и Методии"
_d1943 -
_9363964
139 _aДанчев, Георги и др.
_bД 22
245 1 0 _aХристоматия по българска фолклористика
_bЗа студентите от ВУЗ
_cсъстав. Георги Данчев; състав. Анчо Калоянов.
257 _aBGR
260 София
_bНаука и изкуство
_c1977
_fПлевен : Ал. Пъшев
300 _a244 с.
_c22 см
380 _a3
500 _aСъстав. не са отбелязани на кор.- Библиогр. под линия
650 4 _aФолклористика, българска
_9251733
653 _aфолклористика
653 _aхристоматии
653 _aучебници за ВУЗ
852 _aЦб 86397
856 4 _qpdf
_u
856 4 _qpdf
_u
942 _cKNG
_n0
_01
944 _aCR
_c04.10.2016
_k30535
_lХристина Везирева
944 _aED
_c04.10.2016
_kХристина_Везирева
999 _c182465
_d182465